000 01111nam1a2200325 4500
001 RU\NLR\b_ik\98971
005 20030910173620.0
035 _a(NLR Aleph) 002172896
090 _a2678473
_c2678473
100 _a20030621g2002 u y0rusy50 ca
101 0 _aeng
_drus
102 _aRU
105 _a||||z |||||
200 1 _aThe Forsyte saga
_e[A trilogy]
_fJohn Galsworthy
210 _aМ.
_cМенеджер
_d2002
215 _d20
300 _aНа обл. только част. загл. тома
300 _aВ вып. дан. авт.: Дж. Голсуорси
463 0 _1001RU\NLR\b_ik\97135
463 0 _1001RU\NLR\b_ik\97839
463 0 _1001RU\NLR\b_ik\97673
606 0 _aАнглийский язык
_jУчебные издания
_2nlr-sh2
_3RU\NLR\AUTH\6646032
686 4 _aШ6(4Вл)61-440.4{Лх1298.1-50}
686 4 _aШ143.21-93рус91
700 1 _6z45510
_aGalsworthy
_bJ.
_f1867-1933
_gJohn
_3RU\NLR\auth\77121209
_4070
_7ba
801 0 _aRU
_bNLR
_c20030621
_gPSBO
852 _aNLR
_bИк
_j2003-3/359
942 _cBOOK
980 _aNB